Statistics for NBA All-Star Game MVPs

Click here to take the quiz!

General Stats

  • This quiz has been taken 63 times
    (4 since last reset)
  • The average score is 46 of 77

Answer Stats

YearTeamAnswer% Correct
2024Milwaukee BucksDamian Lillard
100%
2021Milwaukee BucksGiannis Antetokounmpo
100%
2023Boston CelticsJayson Tatum
100%
2001Philadelphia 76ersAllen Iverson
75%
2005Philadelphia 76ersAllen Iverson
75%
2017New Orleans PelicansAnthony Davis
75%
2013Los Angeles ClippersChris Paul
75%
2010Miami HeatDwyane Wade
75%
1980San Antonio SpursGeorge Gervin
75%
1953Minneapolis LakersGeorge Mikan
75%
1986Detroit PistonsIsiah Thomas
75%
1984Detroit PistonsIsiah Thomas
75%
1972Los Angeles LakersJerry West
75%
1993Utah JazzJohn Stockton
75%
1983Philadelphia 76ersJulius Erving
75%
1977Philadelphia 76ersJulius Erving
75%
1993Utah JazzKarl Malone
75%
1989Utah JazzKarl Malone
75%
2020Los Angeles ClippersKawhi Leonard
75%
2019Golden State WarriorsKevin Durant
75%
2012Oklahoma CIty ThunderKevin Durant
75%
2003Minnesota TimberwolvesKevin Garnett
75%
2002Los Angeles LakersKobe Bryant
75%
2009Los Angeles LakersKobe Bryant
75%
2011Los Angeles LakersKobe Bryant
75%
2007Los Angeles LakersKobe Bryant
75%
2014Cleveland CavaliersKyrie Irving
75%
1982Boston CelticsLarry Bird
75%
2006Cleveland CavaliersLebron James
75%
2008Cleveland CavaliersLebron James
75%
2018Cleveland CavaliersLebron James
75%
1990Los Angeles LakersMagic Johnson
75%
1992Los Angeles LakersMagic Johnson
75%
1988Chicago BullsMichael Jordan
75%
1998Chicago BullsMichael Jordan
75%
1996Chicago BullsMichael Jordan
75%
1961Cincinnati RoyalsOscar Robertson
75%
1964Cincinnati RoyalsOscar Robertson
75%
1969Cincinnati RoyalsOscar Robertson
75%
1967San Francisco WarriorsRick Barry
75%
2015Oklahoma City ThunderRussell Westbrook
75%
2016Oklahoma City ThunderRussell Westbrook
75%
1994Chicago BullsScottie Pippen
75%
2000Los Angeles LakersShaquille O'Neal
75%
2004Los Angeles LakersShaquille O'Neal
75%
2009Phoenix SunsShaquille O'Neal
75%
2022Golden State WarriorsStephen Curry
75%
2000San Antonio SpursTim Duncan
75%
1975New York KnicksWalt Frazier
75%
1970New York KnicksWillis Reed
75%
1960Philadelphia WarriorsWilt Chamberlain
75%
1963Boston CelticsBill Russell
50%
1956St Louis HawksBob Pettit
50%
1958St Louis HawksBob Pettit
50%
1959St Louis HawksBob Pettit
50%
1962St Louis HawksBob Pettit
50%
1991Philadelphia 76ersCharles Barkley
50%
1973Boston CelticsDave Cowens
50%
1979Denver NuggetsDavid Thompson
50%
1954Boston CelticsBob Cousy
25%
1957Boston CelticsBob Cousy
25%
1974Detroit PistonsBob Lanier
25%
1959Minneapolis LakersElgin Baylor
25%
1997Charlotte HornetsGlen Rice
25%
1968Philadelphia 76ersHal Greer
25%
1971Seattle SupersonicsLenny Wilkens
25%
1995Sacramento KingsMitch Richmond
25%
1981Boston CelticsNate Archibald
25%
1952Philadelphia WarriorsPaul Arizin
25%
1985Houston RocketsRalph Sampson
25%
1966Cincinnati RoyalsAdrian Smith
0%
1955Boston CelticsBill Sharman
0%
1976Washington BulletsDave Bing
0%
1951Boston CelticsEd Macauley
0%
1965Cincinnati RoyalsJerry Lucas
0%
1978Buffalo BravesRandy Smith
0%
1987Seattle SupersonicsTom Chambers
0%

Score Distribution

Percentile by Number Answered

Percent of People with Each Score

Your Score History

You have not taken this quiz since the last reset